<?xml version="1.0" encoding="UTF-8"?>
<record
    xmlns:xsi="http://www.w3.org/2001/XMLSchema-instance"
    xsi:schemaLocation="http://www.loc.gov/MARC21/slim http://www.loc.gov/standards/marcxml/schema/MARC21slim.xsd"
    xmlns="http://www.loc.gov/MARC21/slim">

  <leader>01282namaa2200349 i 4500</leader>
  <controlfield tag="003">EG-GICUC</controlfield>
  <controlfield tag="005">20251202161323.0</controlfield>
  <controlfield tag="008">251202s2000    ua  |||jr|||| 000 0 ara d</controlfield>
  <datafield tag="017" ind1=" " ind2=" ">
    <subfield code="a">2000 / 1703</subfield>
    <subfield code="b">&#x62F;&#x627;&#x631; &#x627;&#x644;&#x643;&#x62A;&#x628; &#x648;&#x627;&#x644;&#x648;&#x62B;&#x627;&#x626;&#x642; &#x627;&#x644;&#x642;&#x648;&#x645;&#x64A;&#x629; (&#x645;&#x635;&#x631;)</subfield>
  </datafield>
  <datafield tag="020" ind1=" " ind2=" ">
    <subfield code="a">977070704X</subfield>
  </datafield>
  <datafield tag="040" ind1=" " ind2=" ">
    <subfield code="a">EG-GiCUC</subfield>
    <subfield code="b">ara</subfield>
    <subfield code="c">EG-GiCUC</subfield>
    <subfield code="d">EG-GiCUC</subfield>
    <subfield code="e">rda</subfield>
  </datafield>
  <datafield tag="043" ind1=" " ind2=" ">
    <subfield code="a">f-ua---</subfield>
    <subfield code="a">f-mr---</subfield>
  </datafield>
  <datafield tag="082" ind1="0" ind2="4">
    <subfield code="2">21</subfield>
    <subfield code="a">327.62064 </subfield>
    <subfield code="b">G4112</subfield>
  </datafield>
  <datafield tag="092" ind1="0" ind2="4">
    <subfield code="2">21</subfield>
    <subfield code="a">327.62064 </subfield>
    <subfield code="b">G4112</subfield>
  </datafield>
  <datafield tag="099" ind1=" " ind2=" ">
    <subfield code="a">327.62064 G4112</subfield>
  </datafield>
  <datafield tag="100" ind1="1" ind2=" ">
    <subfield code="a">&#x63A;&#x644;&#x627;&#x628;&#x60C; &#x639;&#x628;&#x62F; &#x627;&#x644;&#x643;&#x631;&#x64A;&#x645;</subfield>
    <subfield code="e">&#x645;&#x624;&#x644;&#x641;.</subfield>
  </datafield>
  <datafield tag="245" ind1="1" ind2="2">
    <subfield code="a">&#x627;&#x644;&#x642;&#x627;&#x647;&#x631;&#x629; &#x62A;&#x628;&#x648;&#x62D; &#x628;&#x623;&#x633;&#x631;&#x627;&#x631;&#x647;&#x627; /</subfield>
    <subfield code="c">&#x639;&#x628;&#x62F; &#x627;&#x644;&#x643;&#x631;&#x64A;&#x645; &#x63A;&#x644;&#x627;&#x628;.</subfield>
  </datafield>
  <datafield tag="264" ind1=" " ind2=" ">
    <subfield code="a">&#x627;&#x644;&#x642;&#x627;&#x647;&#x631;&#x629;(&#x645;&#x635;&#x631;) :</subfield>
    <subfield code="b">&#x62F;&#x627;&#x631; &#x627;&#x644;&#x647;&#x644;&#x627;&#x644;&#x60C;</subfield>
    <subfield code="c">2000.</subfield>
  </datafield>
  <datafield tag="300" ind1=" " ind2=" ">
    <subfield code="a">331 &#x635;&#x641;&#x62D;&#x629; &#x61B;</subfield>
    <subfield code="c">17 &#x633;&#x645;</subfield>
  </datafield>
  <datafield tag="336" ind1=" " ind2=" ">
    <subfield code="2">rdacontent</subfield>
    <subfield code="a">text</subfield>
  </datafield>
  <datafield tag="337" ind1=" " ind2=" ">
    <subfield code="2">rdamedia</subfield>
    <subfield code="a">Unmediated</subfield>
  </datafield>
  <datafield tag="338" ind1=" " ind2=" ">
    <subfield code="2">rdacarrier</subfield>
    <subfield code="a">volume</subfield>
  </datafield>
  <datafield tag="490" ind1=" " ind2=" ">
    <subfield code="a">&#x643;&#x62A;&#x627;&#x628; &#x627;&#x644;&#x647;&#x644;&#x627;&#x644; &#x61B;</subfield>
    <subfield code="v">591</subfield>
  </datafield>
  <datafield tag="504" ind1=" " ind2=" ">
    <subfield code="a">.</subfield>
  </datafield>
  <datafield tag="541" ind1=" " ind2=" ">
    <subfield code="a">&#x62F;. &#x62C;&#x627;&#x628;&#x631; &#x639;&#x635;&#x641;&#x648;&#x631; &#x61B;</subfield>
    <subfield code="b">&#x627;&#x644;&#x642;&#x627;&#x647;&#x631;&#x629; &#x61B;</subfield>
    <subfield code="c">&#x625;&#x647;&#x62F;&#x627;&#x621; &#x61B;</subfield>
    <subfield code="d">2024.</subfield>
  </datafield>
  <datafield tag="650" ind1="1" ind2=" ">
    <subfield code="2">qrmak</subfield>
  </datafield>
  <datafield tag="651" ind1="1" ind2="7">
    <subfield code="2">qrmak</subfield>
    <subfield code="a">&#x645;&#x635;&#x631;</subfield>
    <subfield code="x">&#x639;&#x644;&#x627;&#x642;&#x627;&#x62A; &#x62E;&#x627;&#x631;&#x62C;&#x64A;&#x629;</subfield>
    <subfield code="z">&#x627;&#x644;&#x645;&#x63A;&#x631;&#x628;</subfield>
  </datafield>
  <datafield tag="651" ind1="1" ind2="7">
    <subfield code="2">qrmak</subfield>
    <subfield code="a">&#x645;&#x635;&#x631; </subfield>
    <subfield code="x">&#x627;&#x62D;&#x648;&#x627;&#x644; &#x633;&#x64A;&#x627;&#x633;&#x64A;&#x629;</subfield>
    <subfield code="y">&#x627;&#x644;&#x642;&#x631;&#x646; &#x627;&#x644;&#x639;&#x634;&#x631;&#x64A;&#x646;</subfield>
  </datafield>
  <datafield tag="651" ind1="1" ind2="7">
    <subfield code="2">qrmak</subfield>
    <subfield code="a">&#x627;&#x644;&#x645;&#x63A;&#x631;&#x628;</subfield>
    <subfield code="x">&#x639;&#x644;&#x627;&#x642;&#x627;&#x62A; &#x62E;&#x627;&#x631;&#x62C;&#x64A;&#x629;</subfield>
    <subfield code="z">&#x645;&#x635;&#x631;</subfield>
  </datafield>
  <datafield tag="905" ind1=" " ind2=" ">
    <subfield code="a">Aya</subfield>
  </datafield>
  <datafield tag="942" ind1=" " ind2=" ">
    <subfield code="2">ddc</subfield>
    <subfield code="c">BK</subfield>
    <subfield code="e">21</subfield>
    <subfield code="n">0</subfield>
  </datafield>
  <datafield tag="999" ind1=" " ind2=" ">
    <subfield code="c">176434</subfield>
    <subfield code="d">176434</subfield>
  </datafield>
  <datafield tag="952" ind1=" " ind2=" ">
    <subfield code="0">0</subfield>
    <subfield code="1">0</subfield>
    <subfield code="2">ddc</subfield>
    <subfield code="4">0</subfield>
    <subfield code="7">1</subfield>
    <subfield code="a">CUCL</subfield>
    <subfield code="b">cl410</subfield>
    <subfield code="d">2025-12-02</subfield>
    <subfield code="i">174459</subfield>
    <subfield code="l">0</subfield>
    <subfield code="o">327.62064 G4112 J.U.</subfield>
    <subfield code="p">01000100174459000</subfield>
    <subfield code="r">2025-12-02 16:14:00</subfield>
    <subfield code="w">2025-12-02</subfield>
    <subfield code="y">BK</subfield>
  </datafield>
</record>
